000 01013nam0a22002891 4500
001 rc\3662298
005 20250610055740.0
021 _aRU
_b69-62818
021 _aRU
_bРг7598-69
035 _a(NLR Aleph) 007740643
090 _a7155226
_c7155226
100 _a20130115d1969 |||y0rusy50 ca
101 0 _arus
102 _aRU
105 _ay z |||||
200 1 _aКарты трудовых процессов на вибропогружение сборных железобетонных оболочек при сооружении фундаментов под здания
_eТезисы докладов
210 _a[Рига
_cБ. и.
_d1969]
215 _a6 с.
_d21
300 _aАвт. указан в конце текста
309 _aОтпеч. множит. аппаратом
309 _aБез тит. л. и обл.
700 1 _aКузурман
_bА.Н.
801 0 _aRU
_bNLR
_gpsbo
801 1 _aRU
_bELAR
_2rusmarc
852 _aNLR
_j69-4/17382
942 _cBOOK
980 _aNB